Tram stops Gothenburg: number 7 - Statistics

General Stats
  • This quiz has been taken 59 times
  • The average score is 15 of 35
Answer Stats
Order Answer % Correct
16 Brunnsparken
84%
15 Centralstationen
84%
21 Chalmers
79%
18 Valand
72%
19 Vasaplatsen
70%
32 Frölunda torg
67%
25 Botaniska trädgården
65%
20 Kapellplatsen
63%
17 Kungsportsplatsen
58%
26 Marklandsgatan
58%
23 Medicinaregatan
53%
24 Sahlgrenska H
51%
22 Wavrinskys plats
51%
30 Musikvägen
49%
13 SKF
49%
12 bellevue
44%
11 Kviberg
42%
35 Opaltorget
42%
1 Komettorget
40%
29 Nymilsgatan
35%
31 Positivgatan
33%
7 Kortedala torg
30%
28 Lantmilsgatan
30%
2 Rymdtorget
28%
5 Januarigatan
26%
9 Nymånegatan
26%
34 Smaragdgatan
26%
10 beväringsgatan
23%
33 Briljantgatan
23%
14 Gamlestadstorget
21%
27 Axel dalströmstorg
19%
8 Runstavsgatan
19%
6 Allhelgonakyrkan
16%
4 Galileis gata
16%
3 Teleskopsgatan
16%
No matching quizzes found
Score Distribution
Percent of People with Each Score
Percentile by Number Answered
Your Score History
You have not taken this quiz